Česká republika Tschechische Republik = Czech Republic = République Tchèque = Repubblica Ceca : 1:200 000

Korporativní autor: Freytag & Berndt (nakladatelství : Praha, Česko)
Jazyk: Čeština
Vydáno: Praha : Freytag & Berndt, 2005
Vydání: 1. vyd.
Témata:
Fyzický popis: 1 atlas (112 s.) : ca 77 barev. map ; 30 cm
Mapy
Uloženo v:
LEADER 01654nem a2200445 a 4500
001 nkc20061646112
003 CZ PrNK
005 20060810150352.0
007 ad canzn
008 060308s2005 xr i e 1 cze
015 |a cnb001646112 
020 |a 80-7316-224-5  |q (brož.) 
034 1 |a a  |b 200000 
040 |a OLA001  |b cze  |d BOA001  |d ABA001 
043 |a e-xr--- 
072 7 |a 913(437)  |x Geografie Česka a Slovenska, reálie, cestování  |2 Konspekt  |9 7 
080 |a 656.1  |2 MRF 
080 |a 913(437.3)  |2 MRF 
080 |a 912.43:656.1  |2 MRF 
080 |a (084.4)  |2 MRF 
110 2 |a Freytag & Berndt (nakladatelství : Praha, Česko)  |7 mzk2003190950 
245 1 0 |a Česká republika  |h [kartografický dokument] =  |b Tschechische Republik = Czech Republic = République Tchèque = Repubblica Ceca : 1:200 000  |c [zpracoval a vydal Freytag & Berndt] 
246 3 1 |a Tschechische Republik 
246 3 1 |a Czech Republic 
246 3 1 |a République Tchèque 
246 3 1 |a Repubblica Ceca 
246 1 8 |a Česká republika 1:200 000 
250 |a 1. vyd. 
255 |a Měřítko 1:200 000 
260 |a Praha :  |b Freytag & Berndt,  |c 2005 
300 |a 1 atlas (112 s.) :  |b ca 77 barev. map ;  |c 30 cm 
500 |a Obsahuje rejstřík 
500 |a Doplňkové plány měst, kresby významných památek, hraniční přechody, tabulka vzdáleností 
650 0 7 |a silniční doprava  |7 ph116143  |z Česko  |2 czenas 
655 7 |a autoatlasy  |7 fd131844  |2 czenas 
910 2 |a BOA001  |b 4-1171.680 
990 |a MP 
995 |a 01 
991 |b 200607  |c NOV 
996 6 |b 2610285993  |c 4-1171.680  |l MZK  |r Sklad / do 1 hodiny  |n 0  |p p.v.  |w 000822253  |u 000010  |a 1  |e BOA001  |j MZK50  |s P